Elements ending in -ium only in either German or English - Statistics

General Stats
  • This quiz has been taken 9 times
  • The average score is 3 of 10
Answer Stats
Group Answer % Correct
-ium only in English 22 - Titanium / Titan
63%
-ium only in English 92 - Uranium / Uran
50%
-ium only in English 24 - Chromium / Chrom
25%
-ium only in English 41 - Niobium / Niob
25%
-ium only in English 59 - Praseodymium / Praseodym
25%
-ium only in English 60 - Neodymium / Neodym
25%
-ium only in German 14 - Silicon / Silicium
13%
-ium only in English 34 - Selenium / Selen
13%
-ium only in English 52 - Tellurium / Tellur
13%
-ium only in English 58 - Cerium / Cer
13%
No matching quizzes found
Score Distribution
Percent of People with Each Score
Percentile by Number Answered
Your Score History
You have not taken this quiz